000 00290nam a22001097a 4500
008 230619b xxu||||| |||| 00| 0 eng d
082 _a307.
_bBRO 1925
245 _aThe Vanishing Tribes of Kenya
260 _aLondon
_bSeeley, Service & Co. Limited
_c1925
300 _a273p
942 _2ddc
_cBK
999 _c1435
_d1435